| 000 | 01897njm a2200373Ia 4500 | ||
|---|---|---|---|
| 001 | A3567 | ||
| 003 | IT-RoPAU | ||
| 005 | 20220918181111.0 | ||
| 008 | 131025s9999 xx 000 0 und d | ||
| 040 | _aIT-RoPAU | ||
| 040 | _cIT-RoPAU | ||
| 999 |
_c99004 _d99004 |
||
| 999 | _bn.d. | ||
| 100 |
_aAA.VV. _9794 |
||
| 100 |
_eAutore musica _928043 |
||
| 100 |
_gCodice autore musica SPICS: 12000 _9796 |
||
| 245 | _aAll Blues | ||
| 250 | _a2a ed. | ||
| 260 | _aMILANO | ||
| 260 |
_bRUSCONI _c1992 [1a Ed.:0] |
||
| 300 | _aCOMPACT DISC | ||
| 300 | _c67 minuti (Testo: 0 pag.) | ||
| 500 | _aMusica jazz. Compact fuori commercio allegato al n. 11 della rivista "Musica jazz" | ||
| 505 | _aOn Green Dolphin Street [(Scheveningen, 9 aprile 1960) (13:00)] - So What [(Scheveningen, 9 aprile 1960) (18:00)] - Oleo [(Sindelfingen, 8 ottobre 1964) (7:00)] - All Blues [(Sindelfingen, 8 ottobre 1964) (8:00)] - All of You [(Sindelfingen, 8 ottobre 1964) (13:00)] - Walkin' / The Theme (9:00) | ||
| 511 | _aDavis Miles: tr; Coltrane John: ten; Kelly Wynton: p; Chambers Paul: cb; Cobb Jimmy: batt | ||
| 511 | _aDavis Miles: tr; Shorter Wayne: ten; Hancock Herbie: p; Carter Ron: cb; Williams Tony: batt | ||
| 650 |
_aJAZZ [COMPACT DISC] _eCodice MATERIA SPICS: 9949 _911822 |
||
| 700 |
_aDavis Miles _eInterprete _gCodice interprete SPICS: 10734 _928044 |
||
| 700 |
_aKaper Bronislaw _eAutore musica _gCodice autore musica SPICS: 15799 _pOn Green Dolphin Street - So What - _928045 |
||
| 700 |
_aRollins Sonny _eAutore musica _gCodice autore musica SPICS: 16190 _pOleo _928046 |
||
| 700 |
_aDavis Miles _eAutore musica _gCodice autore musica SPICS: 10734 _pAll Blues - Walkin' / The Theme _928047 |
||
| 700 |
_aPorter Cole _eAutore musica _gCodice autore musica SPICS: 13034 _pAll of You _928048 |
||
| 700 |
_aCarpenter Richard _eAutore musica _gCodice autore musica SPICS: 26374 _pWalkin' / The Theme _928049 |
||
| 942 |
_cCD _2ddc |
||